|
|
|
|
| LEADER |
01437nam a22003614a 4500 |
| 001 |
35893 |
| 003 |
BD-DhAAL |
| 005 |
20211130140419.0 |
| 008 |
191003t2004 cau b 001 0 eng |
| 999 |
|
|
|c 41507
|d 41507
|
| 010 |
|
|
|a 2003027726
|
| 020 |
|
|
|a 9780761928867
|
| 020 |
|
|
|a 0761928863 (pbk.)
|
| 020 |
|
|
|a 0761928855 (cloth)
|
| 040 |
|
|
|a DLC
|c DLC
|d DLC
|d BD-DhAAL
|
| 042 |
|
|
|a pcc
|
| 043 |
|
|
|a n-us---
|
| 050 |
0 |
0 |
|a LB2806.3
|b .L43 2004
|
| 082 |
0 |
0 |
|a 371.106
|2 22
|
| 245 |
0 |
0 |
|a Learning to lead together :
|b the promise and challenge of sharing leadership /
|c edited by Janet H. Chrispeels
|
| 260 |
|
|
|a Thousand Oaks, Calif. :
|b Sage,
|c c2004.
|
| 300 |
|
|
|a xviii, 389 pages ;
|c 22 cm.
|
| 504 |
|
|
|a Includes bibliographical references and indexes.
|
| 526 |
|
|
|a BIED
|
| 541 |
|
|
|a Complimentary copy from BIED
|
| 650 |
|
0 |
|a School management teams
|z United States
|v Case studies.
|9 35807
|
| 650 |
|
0 |
|a Teacher participation in administration
|z United States
|v Case studies.
|9 35808
|
| 650 |
|
0 |
|a Educational leadership
|z United States
|v Case studies.
|9 35809
|
| 650 |
|
0 |
|a Social science
|9 35810
|
| 700 |
1 |
|
|a Chrispeels, Janet.
|9 35811
|
| 852 |
|
|
|a Ayesha Abed Library
|c BIED Collection
|
| 942 |
|
|
|2 ddc
|c BK
|
| 952 |
|
|
|0 0
|1 0
|2 ddc
|4 0
|6 371_106000000000000_LEA
|7 0
|9 66659
|a BRACUL
|b BRACUL
|c GEN
|d 2019-10-03
|e Complimentary copy from BIED
|l 0
|o 371.106 LEA
|p 3010035893
|r 2019-10-03
|t 1
|w 2019-10-03
|y BK
|x Transferred from BIED to General Stacks
|